Manual de derecho tributario (Registro nro. 4822)
[ vista simple ]
| 000 -LEADER | |
|---|---|
| fixed length control field | 01389 a2200241 4500 |
| 001 - CONTROL NUMBER | |
| control field | 49404 |
| 005 - DATE AND TIME OF LATEST TRANSACTION | |
| control field | 20260407155757.0 |
| 008 - FIXED-LENGTH DATA ELEMENTS--GENERAL INFORMATION | |
| fixed length control field | 260407a2019 arg spa d |
| 003 - CONTROL NUMBER IDENTIFIER | |
| control field | AR-UNSa-BCEJYS |
| 040 ## - CATALOGING SOURCE | |
| Original cataloging agency | AR-UNSa-BCEJYS |
| Language of cataloging | spa |
| Transcribing agency | AR-UNSa-BCEJYS |
| 080 ## - UNIVERSAL DECIMAL CLASSIFICATION NUMBER | |
| Universal Decimal Classification number | 336.2 |
| Common auxiliary subdivision | Ingresos públicos (Derecho tributario) |
| 020 ## - INTERNATIONAL STANDARD BOOK NUMBER | |
| International Standard Book Number | 978-950-20-2925-2 |
| 041 ## - LANGUAGE CODE | |
| Language code of text/sound track or separate title | spa |
| 100 1# - MAIN ENTRY--PERSONAL NAME | |
| Personal name | García Vizcaíno, Catalina |
| 245 10 - TITLE STATEMENT | |
| Title | Manual de derecho tributario |
| 250 ## - EDITION STATEMENT | |
| Edition statement | 4a. ed. |
| 264 #1 - PRODUCTION, PUBLICATION, DISTRIBUTION, MANUFACTURE, AND COPYRIGHT NOTICE | |
| Place of production, publication, distribution, manufacture | Buenos Aires : |
| Name of producer, publisher, distributor, manufacturer | Abeledo Perrot |
| Date of production, publication, distribution, manufacture, or copyright notice | 2019 |
| 300 ## - PHYSICAL DESCRIPTION | |
| Extent | lvi, 1078 p. |
| Dimensions | 24 cm. |
| 505 ## - FORMATTED CONTENTS NOTE | |
| Formatted contents note | Primera Parte: Teoría general de la distribución: 1.Nociones preliminares - 2. Impuestos - 3. Tasas y contribuciones especiales - - Segunda Parte: DERECHO TRIBUTARIO EN GENERA Y EN SUS SUBDIVISIONES: 4. Derecho tributario en general. Derecho tributario internacional y derecho comunitario - 5. Interpretación y eficacia de las normas tributarias - 6. Derecho tributario constitucional - 7. Derecho tributario material o sustantivo - 8. Derecho tributario formal o administrativo - 9. Derecho tributario procesal - 10. Derecho tributario penal Tercera Parte: DERECHO TRIBUTARIO EN ESPECIAL: 11. Noción de algunos impuestos en especial. |
| 590 ## - LOCAL NOTE (RLIN) | |
| Local note | niveau_biblio:m niveau_hierar:0 |
| 856 41 - ELECTRONIC LOCATION AND ACCESS | |
| Uniform Resource Identifier | <a href="https://www.biblioeco.unsa.edu.ar/pmb/images/libros/L128052.jpg">https://www.biblioeco.unsa.edu.ar/pmb/images/libros/L128052.jpg</a> |
| Link text | Imagen de portada |
| Electronic format type | image/jpeg |
| 942 ## - ADDED ENTRY ELEMENTS (KOHA) | |
| Koha item type | |
| Withdrawn status | Lost status | Damaged status | Not for loan | Home library | Current library | Shelving location | Date acquired | Total checkouts | Full call number | Barcode | Date last seen | Price effective from | Koha item type | Public note |
|---|---|---|---|---|---|---|---|---|---|---|---|---|---|---|
| Biblioteca Prof. Eusebio Cleto del Rey | Biblioteca Prof. Eusebio Cleto del Rey | 07/04/2026 | 336.2 G216m 4ed. | L128052 | 07/04/2026 | 07/04/2026 | Libro | HÚMEDO A PARTIR DE PÁG 201 | ||||||
| Biblioteca Prof. Eusebio Cleto del Rey | Biblioteca Prof. Eusebio Cleto del Rey | 07/04/2026 | 336.2 G216m 4ed. | L128053 | 07/04/2026 | 07/04/2026 | Libro | MANCHA EN PÁG 191 - HÚMEDO | ||||||
| Biblioteca Prof. Eusebio Cleto del Rey | Biblioteca Prof. Eusebio Cleto del Rey | 07/04/2026 | 336.2 G216m 4ed. | L128054 | 07/04/2026 | 07/04/2026 | Libro | CANTO RAYADO - HÚMEDO - PRIMERAS HOJAS ARRUGADAS (ESQUINA INFERIOR DERECHA) - CANTO CON MANCHA DE TINTA NEGRA (INFERIOR) | ||||||
| Biblioteca Prof. Eusebio Cleto del Rey | Biblioteca Prof. Eusebio Cleto del Rey | 07/04/2026 | 336.2 G216m 4ed. | L128055 | 07/04/2026 | 07/04/2026 | Libro | CANTO MANCHADO - HÚMEDO - 2° HOJA UN POCO DESPEGADA DE TAPA | ||||||
| Biblioteca Prof. Eusebio Cleto del Rey | Biblioteca Prof. Eusebio Cleto del Rey | 07/04/2026 | 336.2 G216m 4ed. | L128056 | 07/04/2026 | 07/04/2026 | Libro | HÚMEDO - LÁPIZ EN PÁG 229 A 232 - CANTO MANCHADO |